El conquistador conquistado Juan de Garay /

Zapisane w:
Opis bibliograficzny
1. autor: Cruz, Josefina
Format: Nieznany
Język:Spanish
Wydane: Argentina : Editorial La Reja , 1973.
Hasła przedmiotowe:
Etykiety: Dodaj etykietę
Nie ma etykietki, Dołącz pierwszą etykiete!

MARC

LEADER 000000000a22000000004500
001 003454
041 0 |a spa 
082 0 4 |a Ar863.4   |b C957c 
100 1 |a Cruz, Josefina 
245 1 3 |a El conquistador conquistado Juan de Garay /   |c Josefina Cruz. 
260 1 |a Argentina :   |b Editorial La Reja ,   |c 1973. 
300 |a 294 páginas 
650 4 |a GARAY, JUAN DE, 1528-1583 
650 4 |a LITERATURA ARGENTINA 
650 4 |a NOVELA 
650 4 |a HISTORIA Y CRITICA 
999 |c 9677  |d 9677 
942 |c BK  |h Ar863.4 C957c  |2 z